Joueurs Français avec la plus grosse valeur marchande - Statistiques

Statistiques générales
  • Ce quiz a été pris 501 fois
    66 depuis la dernière actualisation
  • Le résultat moyen est 25 sur 30
Statistiques - réponses
POSTE ÂGE CLUB VALEUR Réponse % Correct
ATT 27 Real Madrid 200M€ Kylian Mbappé
100%
MIL 26 Real Madrid 75M€ Aurélien Tchouaméni
97%
DEF 27 Bayern Munich 70M€ Dayot Upamecano
97%
ATT 29 PSG 100M€ Ousmane Dembélé
97%
ATT 24 Bayern Munich 150M€ Michael Olise
95%
DEF 27 FC Barcelone 65M€ Jules Koundé
94%
MIL 20 PSG 60M€ Warren Zaïre-Emery
94%
DEF 25 Arsenal 90M€ William Saliba
94%
ATT 23 PSG 70M€ Bradley Barcola
92%
MIL 23 Real Madrid 50M€ Eduardo Camavinga
92%
ATT 23 Liverpool 90M€ Hugo Ekitiké
92%
MIL 25 Juventus 38M€ Khéphren Thuram
92%
ATT 28 Inter Milan 50M€ Marcus Thuram
92%
ATT 22 Manchester City 65M€ Rayan Cherki
92%
MIL 20 PSG 90M€ Désiré Doué
90%
DEF 27 Liverpool 50M€ Ibrahima Konaté
89%
ATT 28 Crystal Palace 35M€ Jean-Philippe Mateta
89%
ATT 24 AS Monaco 50M€ Maghnes Akliouche
89%
MIL 25 AS Roma 50M€ Manu Koné
87%
DEF 20 Manchester United 50M€ Leny Yoro
84%
DEF 23 Chelsea 35M€ Malo Gusto
79%
MIL 20 PSG 40M€ Senny Mayulu
79%
ATT 19 Bournemouth 40M€ Éli Junior Kroupi
77%
DEF 26 Crystal Palace 40M€ Maxence Lacroix
77%
MIL 26 Aston Villa 40M€ Boubacar Kamara
73%
DEF 25 Juventus 32M€ Pierre Kalulu
71%
DEF 20 Stade Rennais 55M€ Jérémy Jacquet
66%
DEF 23 RB Leipzig 50M€ Castello Lukeba
56%
ATT 24 Brighton 30M€ Georginio Rutter
45%
ATT 23 Everton 30M€ Thierno Barry
35%
Aucun quiz correspondant
Distribution des résultats
% des personnes avec chaque résultat
Percentile par nombre de réponses
Votre historique - résultats
Vous n’avez pas pris ce quiz depuis la dernière actualisation